Statistics for Top 5 Championship Scorers By Year

Click here to take the quiz!

General Stats

  • This quiz has been taken 133 times
    (23 since last reset)
  • The average score is 29 of 72

Answer Stats

Player % Correct
Jamie Vardy
94%
Cristiano Ronaldo
94%
Robert Lewandowski
94%
Ronaldo
94%
Lionel Messi
94%
Robin van Persie
89%
Kylian Mbappé
83%
Edinson Cavani
83%
Mohamed Salah
83%
Sergio Agüero
78%
Zlatan Ibrahimovic
78%
Sadio Mané
78%
Ruud van Nistelrooy
78%
Ciro Immobile
78%
Harry Kane
72%
Luis Suarez
72%
Nicolas Anelka
72%
Thierry Henry
67%
Francesco Totti
67%
Pierre-Emerick Aubameyang
67%
Dimitar Berbatov
61%
Miroslav Klose
61%
Raul
56%
Alessandro Del Piero
56%
Edin Dzeko
56%
Mauro Icardi
56%
Didier Drogba
56%
Luca Toni
56%
Roy Makaay
50%
Mario Gomez
50%
Samuel Eto'o
50%
David Trezeguet
44%
Jimmy Floyd Hasselbaink
44%
Gonzalo Higuain
44%
Karim Benzema
39%
Carlos Tévez
39%
Pedro Miguel Pauleta
33%
Kevin Phillips
33%
Andriy Shevchenko
28%
Hernan Crespo
28%
Olivier Giroud
28%
Antonio Di Natale
28%
Giovane Élber
28%
Fabio Quagliarella
28%
Christian Vieri
22%
Diego Forlan
22%
Wissam Ben Yedder
17%
Ailton
17%
Daniel Güiza
17%
Klaas-Jan Huntelaar
17%
Alexandre Lacazette
17%
Grafite
17%
Alexander Meier
11%
Ebbe Sand
11%
Cristiano Lucarelli
11%
Amoroso
11%
Diego Tristan
11%
Moussa Sow
6%
André-Pierre Gignac
6%
Djibril Cissé
6%
Shabani Nonda
6%
Stefan Kießling
6%
Theofánis Gekas
6%
Martin Max
6%
Sonny Anderson
6%
Salva Ballesta
0%
Dario Hübner
0%
Mamadou Niang
0%
Marek Mintal
0%
Thomas Christiansen
0%
Alexander Frei
0%
Sergej Barbarez
0%

Score Distribution

Percentile by Number Answered

Percent of People with Each Score

Your Score History

You have not taken this quiz since the last reset